000 00347nam a22001337a 4500
020 _qHB.
040 _cFIZZA ISHAQ
082 _a510
_bKAR
100 _aSMITH,J.KARL.
_9102384
245 _aFINITE MATHEMATICS /
_cKARL J.SMITH.
260 _aNEW YORK ;
_bBROOKS COLE PUBLISHING COMPANY,
_c1985.
300 _a596 P. ;
_c9.8X7.9IN
942 _2ddc
_cBK
999 _c616835
_d616835